[Event "Rochefort op-A 19th"]
[Site "Rochefort"]
[Date "2020.02.22"]
[Round "5"]
[White "Jolly, Jean Francois"]
[Black "Sanchez, Nicolas"]
[Result "1-0"]
[WhiteElo "2386"]
[BlackElo "2107"]
[PlyCount "51"]
[EventDate "2020.02.22"]
[EventType "swiss"]
[EventRounds "9"]
[EventCountry "FRA"]
[SourceTitle "CBM 195 Extra"]
[Source "ChessBase"]
[SourceDate "2020.05.31"]
[SourceVersion "1"]
[SourceVersionDate "2020.05.31"]
[SourceQuality "1"]

1. e4 c5 2. Nf3 Nc6 3. c3 d5 4. exd5 Qxd5 5. d4 cxd4 6. cxd4 Bg4 7. Be2 e6 8. Nc3 Qa5 9. h3 Bh5 10. d5 exd5 11. Nd4 Nxd4 12. Bxh5 Nc6 13. 0-0 Be7 14. Qb3 Qb4 15. Nxd5 Qxb3 16. axb3 Rd8 17. Nxe7 Ngxe7 18. Be3 a6 19. Bb6 Rd5 20. Be2 Rd2 21. Bf3 0-0 22. Rab1 Rd3 23. b4 g6 24. Rfd1 Rb3 25. Bc5 Re8 26. Re1 1-0

[Event "Rochefort op-A 19th"]
[Site "Rochefort"]
[Date "2020.02.22"]
[Round "3"]
[White "Parnali, S Dharia"]
[Black "Sanchez, Nicolas"]
[Result "0-1"]
[WhiteElo "2275"]
[BlackElo "2107"]
[PlyCount "66"]
[EventDate "2020.02.22"]
[EventType "swiss"]
[EventRounds "9"]
[EventCountry "FRA"]
[SourceTitle "CBM 195 Extra"]
[Source "ChessBase"]
[SourceDate "2020.05.31"]
[SourceVersion "1"]
[SourceVersionDate "2020.05.31"]
[SourceQuality "1"]

1. d4 Nf6 2. c4 g6 3. Nc3 Bg7 4. e4 d6 5. f3 a6 6. Be3 Nc6 7. Nge2 0-0 8. Qd2 Rb8 9. Rc1 Bd7 10. d5 Ne5 11. Nd4 c5 12. dxc6 Nxc6 13. Be2 Nxd4 14. Bxd4 Bc6 15. 0-0 a5 16. Rfd1 Ra8 17. Be3 Nd7 18. Qe1 b6 19. Rc2 Qc7 20. b3 Nc5 21. Nd5 Qb7 22. Qh4 Bxd5 23. cxd5 Qd7 24. Qf2 f5 25. exf5 Qxf5 26. Bb5 Be5 27. Qh4 Qxc2 28. Rc1 Qf5 29. Qxe7 Rf7 30. Qh4 Bf4 31. Re1 g5 32. Qh5 Re7 33. g4 Qg6 0-1

[Event "Saint Affrique op 22nd"]
[Site "Saint Affrique"]
[Date "2014.07.26"]
[Round "9"]
[White "Mania, Clement"]
[Black "Sanchez, Nicolas"]
[Result "1/2-1/2"]
[WhiteElo "2177"]
[BlackElo "2178"]
[PlyCount "160"]
[EventDate "2014.07.19"]
[EventType "swiss"]
[EventRounds "9"]
[EventCountry "FRA"]
[SourceTitle "CBM 161 Extra"]
[Source "ChessBase"]
[SourceDate "2014.08.29"]
[SourceVersion "1"]
[SourceVersionDate "2014.08.29"]
[SourceQuality "1"]

1. d4 Nf6 2. g4 d5 3. g5 Ne4 4. f3 Nd6 5. Nc3 Nf5 6. Bf4 c6 7. Qd2 h6 8. 0-0-0 hxg5 9. Bxg5 Ng3 10. e4 Nxh1 11. exd5 cxd5 12. Bf4 a6 13. Qg2 Nc6 14. Qxh1 Bf5 15. Nge2 e6 16. Qg1 g6 17. Qe3 g5 18. Bg3 Bh6 19. a3 g4 20. Nf4 Ne7 21. Be2 gxf3 22. Bxf3 Kf8 23. Kb1 Ng6 24. Nce2 Rc8 25. Rc1 Qf6 26. Ka1 Nxf4 27. Nxf4 Bg6 28. c3 Bxf4 29. Bxf4 Rh3 30. Rf1 Be4 31. Bg3 Qh6 32. Qe2 Qh7 33. Bg4 Rxg3 34. hxg3 Bd3 35. Qxe6 Rc6 36. Qe1 Bxf1 37. Qxf1 Qe4 38. Bh5 Qe7 39. Qh1 Qg5 40. Bf3 Rh6 41. Qg2 Rd6 42. Qh3 Kg7 43. Ka2 a5 44. Qg2 Qf5 45. g4 Qd7 46. Qe2 Re6 47. Qd2 Rg6 48. Qf4 Qd6 49. Qf5 Rf6 50. Qg5+ Rg6 51. Qh5 b6 52. Kb3 Qf6 53. Qxd5 Rg5 54. Qe4 Rb5+ 55. Kc2 Rg5 56. Be2 Qf2 57. Qf3 Qxf3 58. Bxf3 f5 59. gxf5 Rxf5 60. Bc6 Kf8 61. b4 axb4 62. cxb4 Ke7 63. a4 Kd6 64. Be4 Rf4 65. Kd3 Rh4 66. Bb7 Kc7 67. Ba6 Rh1 68. Bb5 Rc1 69. d5 Rd1+ 70. Kc4 Rc1+ 71. Kb3 Rb1+ 72. Kc3 Rc1+ 73. Kb2 Rh1 74. Bc6 Rh3 75. a5 bxa5 76. bxa5 Kb8 77. a6 Ka7 78. Bb7 Rd3 79. Kc2 Rxd5 80. Bxd5 Kxa6 1/2-1/2

[Event "Saint Affrique op 22nd"]
[Site "Saint Affrique"]
[Date "2014.07.24"]
[Round "7"]
[White "Penalver, Marion"]
[Black "Sanchez, Nicolas"]
[Result "0-1"]
[WhiteElo "1901"]
[BlackElo "2178"]
[PlyCount "62"]
[EventDate "2014.07.19"]
[EventType "swiss"]
[EventRounds "9"]
[EventCountry "FRA"]
[SourceTitle "CBM 161 Extra"]
[Source "ChessBase"]
[SourceDate "2014.08.29"]
[SourceVersion "1"]
[SourceVersionDate "2014.08.29"]
[SourceQuality "1"]

1. e4 c5 2. Nf3 Nc6 3. d4 cxd4 4. Nxd4 g6 5. Nc3 Bg7 6. Be3 Nf6 7. Bc4 0-0 8. Bb3 a5 9. f3 d5 10. Nxd5 Nxd5 11. exd5 Nb4 12. c3 Nxd5 13. Bf2 a4 14. Bxd5 Qxd5 15. 0-0 e5 16. Nc2 Qb5 17. Nb4 Be6 18. Re1 Rfd8 19. Qe2 Qxe2 20. Rxe2 a3 21. b3 e4 22. Rxe4 Bxc3 23. Rc1 Bd2 24. Ra1 Bf5 25. Rc4 b5 26. Nc6 bxc4 27. Nxd8 cxb3 28. axb3 Bc3 29. Ra2 Rxd8 30. g4 Bb2 31. Bc5 Bb1 0-1

[Event "Saint Affrique op 22nd"]
[Site "Saint Affrique"]
[Date "2014.07.21"]
[Round "3"]
[White "Lafitte, Luc"]
[Black "Sanchez, Nicolas"]
[Result "0-1"]
[WhiteElo "1867"]
[BlackElo "2178"]
[PlyCount "104"]
[EventDate "2014.07.19"]
[EventType "swiss"]
[EventRounds "9"]
[EventCountry "FRA"]
[SourceTitle "CBM 161 Extra"]
[Source "ChessBase"]
[SourceDate "2014.08.29"]
[SourceVersion "1"]
[SourceVersionDate "2014.08.29"]
[SourceQuality "1"]

1. e4 g6 2. d4 Bg7 3. Nf3 d6 4. Nc3 c6 5. Bd3 Nd7 6. 0-0 e5 7. Ne2 Ngf6 8. c3 0-0 9. Ng3 Qe7 10. h3 b6 11. Be3 Bb7 12. Qd2 Ne8 13. Rfe1 Nc7 14. Bh6 Ne6 15. Bxg7 Kxg7 16. d5 cxd5 17. Rad1 Nf4 18. exd5 Qd8 19. Bc4 Rc8 20. Re4 Qf6 21. b4 a6 22. Nh2 h5 23. Ne2 Nxe2+ 24. Bxe2 Qf5 25. Rh4 Qf6 26. Re4 Qe7 27. c4 f5 28. Re3 Qf6 29. f4 e4 30. Rg3 Kf7 31. Rg5 Rh8 32. g4 hxg4 33. hxg4 Rh4 34. gxf5 gxf5 35. Bh5+ Ke7 36. Qf2 Rh3 37. Qg2 Qc3 38. Rg7+ Kd8 39. Nf1 Rxh5 40. Qg6 Kc7 41. Rxd7+ Kxd7 42. Qxh5 Rg8+ 43. Kf2 Qf6 44. Ne3 Kc7 45. Rd2 Bc8 46. c5 Rh8 47. cxd6+ Kb7 48. Qd1 Qh4+ 49. Ke2 Qh2+ 50. Ng2 Qxg2+ 51. Ke3 Rh3+ 52. Kd4 Qg7+ 0-1

[Event "Condom op-A 11th"]
[Site "Condom"]
[Date "2012.07.21"]
[Round "9"]
[White "Sanchez, Nicolas"]
[Black "Bressac, Stephane"]
[Result "0-1"]
[WhiteElo "2168"]
[BlackElo "2320"]
[PlyCount "118"]
[EventDate "2012.07.14"]
[EventType "swiss"]
[EventRounds "9"]
[EventCountry "FRA"]
[SourceTitle "EXT 2013"]
[Source "ChessBase"]
[SourceDate "2012.11.22"]
[SourceVersion "1"]
[SourceVersionDate "2012.11.22"]
[SourceQuality "1"]

1. d4 Nf6 2. Nf3 g6 3. c4 c5 4. d5 b5 5. a4 b4 6. b3 Bg7 7. Bb2 0-0 8. Nbd2 e6 9. dxe6 fxe6 10. Qc2 Bb7 11. e3 d6 12. Bd3 Nbd7 13. h4 Qe7 14. 0-0-0 Ng4 15. Ne4 d5 16. Neg5 Nde5 17. Nxe5 Nxe5 18. Bxe5 Bxe5 19. f4 Bg7 20. h5 h6 21. Nf3 g5 22. fxg5 hxg5 23. h6 Bf6 24. e4 g4 25. Nh2 Bd4 26. exd5 Qg5+ 27. Kb1 Rf2 28. Be2 exd5 29. Nxg4 Rxg2 30. Rh5 Qxh5 31. Rxd4 Qg5 32. Rf4 Rxe2 33. Qc1 Qg6+ 34. Ka1 Rae8 35. Nf6+ Qxf6+ 36. Rxf6 Re1 37. Qxe1 Rxe1+ 38. Kb2 d4 39. h7+ Kxh7 40. Rf7+ Kg6 41. Rxb7 Re2+ 42. Kc1 Kf5 43. Rxa7 Ke4 44. Rh7 Re3 45. Kd2 Rxb3 46. Re7+ Kf5 47. Rc7 Ke5 48. Rxc5+ Ke4 49. a5 d3 50. Rd5 Rb2+ 51. Kc1 Rc2+ 52. Kd1 Rxc4 53. Rb5 Ke3 54. a6 b3 55. Re5+ Kd4 56. Rb5 Kc3 57. a7 Ra4 58. Rc5+ Kb2 59. Rc7 Ka2 0-1

[Event "Condom op-A 11th"]
[Site "Condom"]
[Date "2012.07.19"]
[Round "7"]
[White "Sanchez, Nicolas"]
[Black "Bujisho, Benjamin"]
[Result "0-1"]
[WhiteElo "2168"]
[BlackElo "2391"]
[PlyCount "76"]
[EventDate "2012.07.14"]
[EventType "swiss"]
[EventRounds "9"]
[EventCountry "FRA"]
[SourceTitle "EXT 2013"]
[Source "ChessBase"]
[SourceDate "2012.11.22"]
[SourceVersion "1"]
[SourceVersionDate "2012.11.22"]
[SourceQuality "1"]

1. d4 Nf6 2. Nf3 d5 3. c4 c6 4. Nc3 a6 5. a4 e6 6. e3 a5 7. Bd3 Na6 8. 0-0 Nb4 9. Bb1 Be7 10. e4 dxe4 11. Nxe4 b6 12. b3 Bb7 13. Qe2 0-0 14. Bb2 g6 15. Nxf6+ Bxf6 16. Be4 Qe7 17. Rad1 Rad8 18. Rfe1 Rd7 19. Bb1 Rfd8 20. Ne5 Rc7 21. f4 Bg7 22. Nf3 Qf8 23. Ng5 Rcd7 24. Ne4 Qe7 25. d5 cxd5 26. Bxg7 dxe4 27. Rxd7 Rxd7 28. Qb2 Qc5+ 29. Kf1 f5 30. Bh6 Rd4 31. g4 Kf7 32. h4 Qd6 33. h5 Ke8 34. hxg6 hxg6 35. Bg5 Kd7 36. Qh2 Kc6 37. Qh7 Nd3 38. Qh8 Nxe1 0-1

[Event "Naujac op 15th"]
[Site "Naujac"]
[Date "2012.06.27"]
[Round "5"]
[White "Ferrandi, Bernard"]
[Black "Sanchez, Nicolas"]
[Result "1/2-1/2"]
[WhiteElo "1817"]
[BlackElo "2169"]
[PlyCount "77"]
[EventDate "2012.06.24"]
[EventType "swiss"]
[EventRounds "9"]
[EventCountry "FRA"]
[SourceTitle "CBM 149 Extra"]
[Source "ChessBase"]
[SourceDate "2012.08.24"]
[SourceVersion "1"]
[SourceVersionDate "2012.08.24"]
[SourceQuality "1"]

1. e4 g6 2. d4 Bg7 3. f4 d5 4. e5 h5 5. c4 c6 6. Nc3 Nh6 7. Be3 Ng4 8. Bc1 0-0 9. h3 Nh6 10. Be3 Be6 11. c5 Nd7 12. Be2 Nf5 13. Bf2 h4 14. Bd3 Bh6 15. Qf3 b6 16. cxb6 Qxb6 17. Nge2 Qxb2 18. Rb1 Qa3 19. Rb3 Qa5 20. Bxf5 Bxf5 21. Bxh4 Be4 22. Qg3 c5 23. 0-0 cxd4 24. Nxd4 Qc5 25. Qe3 Nxe5 26. Nxe4 dxe4 27. Qxe4 Nc6 28. Bf2 Nxd4 29. Qxd4 Qxd4 30. Bxd4 Rfd8 31. Be3 e6 32. a4 Rd7 33. Rfb1 a6 34. Kf2 Rd5 35. Kf3 Ra5 36. Rb8+ Rxb8 37. Rxb8+ Kh7 38. Bd4 Bg7 39. Rb4 1/2-1/2

[Event "Naujac op 15th"]
[Site "Naujac"]
[Date "2012.06.24"]
[Round "1"]
[White "Colin, Vincent"]
[Black "Sanchez, Nicolas"]
[Result "1-0"]
[WhiteElo "2393"]
[BlackElo "2169"]
[PlyCount "51"]
[EventDate "2012.06.24"]
[EventType "swiss"]
[EventRounds "9"]
[EventCountry "FRA"]
[SourceTitle "CBM 149 Extra"]
[Source "ChessBase"]
[SourceDate "2012.08.24"]
[SourceVersion "1"]
[SourceVersionDate "2012.08.24"]
[SourceQuality "1"]

1. d4 Nf6 2. c4 g6 3. Nc3 Bg7 4. e4 d6 5. f4 0-0 6. Nf3 Na6 7. e5 Nd7 8. Be2 c5 9. exd6 exd6 10. 0-0 f5 11. Be3 Nf6 12. Kh1 b6 13. Ng5 h6 14. Bf3 Rb8 15. Nh3 Nc7 16. Qd2 Be6 17. b3 d5 18. Rad1 cxd4 19. Bxd4 dxc4 20. Qe2 Qc8 21. Be5 Bf7 22. bxc4 Nd7 23. Bxc7 Qxc7 24. Nb5 Qc5 25. Rxd7 Bxc4 26. Qxc4+ 1-0

[Event "FRA-chT1A 1112"]
[Site "France"]
[Date "2012.01.14"]
[Round "6.3"]
[White "Sanchez, Nicolas"]
[Black "Dieu, Bruno"]
[Result "1/2-1/2"]
[WhiteElo "2160"]
[BlackElo "2285"]
[PlyCount "70"]
[EventDate "2011.10.16"]
[EventType "team-tourn"]
[EventRounds "11"]
[EventCountry "FRA"]
[SourceTitle "EXT 2013"]
[Source "ChessBase"]
[SourceDate "2012.11.22"]
[SourceVersion "1"]
[SourceVersionDate "2012.11.22"]
[SourceQuality "1"]
[WhiteTeam "Loures Barousse"]
[BlackTeam "Tours"]
[WhiteTeamCountry "FRA"]
[BlackTeamCountry "FRA"]

1. d4 d5 2. Nf3 c5 3. c4 e6 4. cxd5 exd5 5. g3 Nc6 6. Bg2 Nf6 7. 0-0 Be7 8. Nc3 0-0 9. Bg5 cxd4 10. Nxd4 h6 11. Be3 Re8 12. Rc1 Bf8 13. Nxc6 bxc6 14. Na4 Ng4 15. Bd4 Bd7 16. Bc5 Qf6 17. Bxf8 Kxf8 18. e4 Rad8 19. Nc5 Bc8 20. Qb3 dxe4 21. Nxe4 Qg6 22. Qa4 Qh5 23. h3 Ne5 24. g4 Qh4 25. f4 Nd3 26. Rxc6 Bb7 27. Rc4 Kg8 28. Rd4 Nc5 29. Rxd8 Rxd8 30. Qb4 Bxe4 31. Qxc5 Rd2 32. Qc8+ Rd8 33. Qc5 Rd2 34. Rf2 Rd1+ 35. Rf1 Rd2 1/2-1/2

[Event "FRA-chT1A 1112"]
[Site "France"]
[Date "2011.11.13"]
[Round "3.3"]
[White "Sanchez, Nicolas"]
[Black "Bousmaha, Abderahmane"]
[Result "1-0"]
[WhiteElo "2160"]
[BlackElo "2080"]
[PlyCount "95"]
[EventDate "2011.10.16"]
[EventType "team-tourn"]
[EventRounds "11"]
[EventCountry "FRA"]
[SourceTitle "EXT 2013"]
[Source "ChessBase"]
[SourceDate "2012.11.22"]
[SourceVersion "1"]
[SourceVersionDate "2012.11.22"]
[SourceQuality "1"]
[WhiteTeam "Loures Barousse"]
[BlackTeam "JEEN"]
[WhiteTeamCountry "FRA"]
[BlackTeamCountry "FRA"]

1. d4 d5 2. Nf3 Bf5 3. c4 e6 4. Nc3 Nc6 5. Qa4 Qd7 6. Bf4 Nf6 7. e3 Nb4 8. Qxd7+ Nxd7 9. Kd2 dxc4 10. Bxc4 Nb6 11. Be2 N4d5 12. Bg3 Be7 13. Rhc1 c6 14. Nh4 Nxc3 15. bxc3 Ba3 16. Rf1 Be4 17. Bd3 f5 18. Nf3 Bd5 19. Rfb1 Bxf3 20. gxf3 g5 21. Be5 Rg8 22. Rb3 Be7 23. a4 0-0-0 24. Rab1 Rd7 25. a5 Na4 26. Ra1 b5 27. Rxa4 a6 28. Ra1 c5 29. Ke2 f4 30. Bxh7 Rf8 31. dxc5 Bxc5 32. Be4 Rfd8 33. Bd4 Be7 34. Rc1 e5 35. Bxe5 Rd2+ 36. Ke1 fxe3 37. fxe3 g4 38. Bf5+ Kb7 39. Be4+ Kc8 40. Bd4 Rxh2 41. Bf5+ Kb7 42. fxg4 Bh4+ 43. Kd1 Bg5 44. Rc2 Rh3 45. Ke2 Rh2+ 46. Kf3 Rh1 47. Kg2 Re1 48. c4 1-0

[Event "FRA-chT1A 1112"]
[Site "France"]
[Date "2011.10.16"]
[Round "1.5"]
[White "Sanchez, Nicolas"]
[Black "Marciniak, Gerard"]
[Result "1/2-1/2"]
[WhiteElo "2160"]
[BlackElo "2153"]
[PlyCount "87"]
[EventDate "2011.10.16"]
[EventType "team-tourn"]
[EventRounds "11"]
[EventCountry "FRA"]
[SourceTitle "EXT 2013"]
[Source "ChessBase"]
[SourceDate "2012.11.22"]
[SourceVersion "1"]
[SourceVersionDate "2012.11.22"]
[SourceQuality "1"]
[WhiteTeam "Loures Barousse"]
[BlackTeam "Agen"]
[WhiteTeamCountry "FRA"]
[BlackTeamCountry "FRA"]

1. d4 Nf6 2. Nf3 e6 3. e3 b6 4. Bd3 Bb7 5. 0-0 c5 6. c4 d6 7. b3 Be7 8. Bb2 Nbd7 9. Qe2 0-0 10. Nbd2 Qc7 11. Rac1 Rfe8 12. e4 cxd4 13. Nxd4 a6 14. Bb1 Rad8 15. Nc2 Nc5 16. f3 e5 17. Ne3 Nh5 18. g3 g6 19. Nd5 Bxd5 20. cxd5 Qd7 21. Nc4 Rb8 22. Qd2 Bf6 23. Rce1 Red8 24. Qe3 Qh3 25. Qf2 Bg5 26. Qg2 Qd7 27. h4 Bh6 28. Kh2 Qc7 29. Ne3 Qe7 30. Ng4 Bg7 31. Qd2 Rf8 32. Nf2 Rbc8 33. Nh3 Rce8 34. Bc2 a5 35. Bb1 Nd7 36. Rc1 Nc5 37. Bc2 Rc8 38. Bb1 Nf6 39. Nf2 h5 40. Nh3 Kh7 41. Ng5+ Kg8 42. Nh3 Kh7 43. Ng5+ Kg8 44. Nh3 1/2-1/2

[Event "Saint Affrique op 19th"]
[Site "Saint Affrique"]
[Date "2011.07.30"]
[Round "9"]
[White "Sanchez, Nicolas"]
[Black "Houriez, Clement"]
[Result "1/2-1/2"]
[WhiteElo "2163"]
[BlackElo "2328"]
[PlyCount "50"]
[EventDate "2011.07.23"]
[EventType "swiss"]
[EventRounds "9"]
[EventCountry "FRA"]
[SourceTitle "CBM 143 Extra"]
[Source "ChessBase"]
[SourceDate "2011.08.29"]
[SourceVersion "1"]
[SourceVersionDate "2011.08.29"]
[SourceQuality "1"]

1. d4 Nf6 2. Nf3 g6 3. c4 Bg7 4. Nc3 d5 5. Qb3 dxc4 6. Qxc4 c6 7. e4 0-0 8. Be2 b5 9. Qd3 a6 10. 0-0 c5 11. d5 e6 12. Rd1 exd5 13. Bg5 h6 14. Bxf6 Bxf6 15. e5 Bg7 16. Nxd5 Be6 17. Qe3 Nd7 18. Nf4 Qe7 19. a4 c4 20. axb5 axb5 21. Ra7 Rxa7 22. Qxa7 Rd8 23. Qa5 Bg4 24. Nd5 Qf8 25. Ne3 Be6 1/2-1/2

[Event "FRA-chT2 0910"]
[Site "France"]
[Date "2009.12.13"]
[Round "6.5"]
[White "Leygue, Dominique"]
[Black "Sanchez, Nicolas"]
[Result "1-0"]
[WhiteElo "2287"]
[BlackElo "2178"]
[PlyCount "69"]
[EventDate "2009.09.27"]
[EventType "team-tourn"]
[EventRounds "11"]
[EventCountry "FRA"]
[SourceTitle "EXT 2011"]
[Source "ChessBase"]
[SourceDate "2010.11.26"]
[SourceVersion "1"]
[SourceVersionDate "2010.11.26"]
[SourceQuality "1"]

1. e4 c5 2. Nf3 d6 3. d4 cxd4 4. Nxd4 Nf6 5. Nc3 a6 6. Bg5 e6 7. f4 Qc7 8. Qf3 Nbd7 9. 0-0-0 b5 10. e5 Bb7 11. Qh3 dxe5 12. Nxe6 fxe6 13. Qxe6+ Be7 14. Nxb5 axb5 15. Bxb5 Rd8 16. fxe5 Bd5 17. Rxd5 Nxd5 18. Rd1 Qb6 19. Bc6 Qxc6 20. Qxc6 Bxg5+ 21. Kb1 Ne7 22. Qb5 0-0 23. a4 Nb8 24. Rxd8 Rxd8 25. h4 Bd2 26. a5 Nbc6 27. a6 Kh8 28. Qb6 Ba5 29. Qb7 Nb4 30. b3 Ned5 31. a7 Nc7 32. c3 Rd1+ 33. Kb2 Rd2+ 34. Kc1 Rc2+ 35. Kd1 1-0

[Event "Chamalieres op"]
[Site "Chamalieres"]
[Date "2009.10.27"]
[Round "5"]
[White "Nord, Antoine"]
[Black "Sanchez, Nicolas"]
[Result "1-0"]
[WhiteElo "1939"]
[BlackElo "2159"]
[PlyCount "97"]
[EventDate "2009.10.24"]
[EventType "swiss"]
[EventRounds "9"]
[EventCountry "FRA"]
[SourceTitle "EXT 2010"]
[Source "ChessBase"]
[SourceDate "2010.11.25"]
[SourceVersion "1"]
[SourceVersionDate "2010.11.25"]
[SourceQuality "1"]

1. e4 c5 2. Nf3 d6 3. Bb5+ Bd7 4. Bxd7+ Qxd7 5. c4 Nf6 6. Nc3 g6 7. d4 cxd4 8. Nxd4 Bg7 9. 0-0 0-0 10. f3 Rc8 11. b3 d5 12. exd5 Nxd5 13. Nxd5 e6 14. Bh6 Bh8 15. Nxe6 fxe6 16. Ne3 Bxa1 17. Qxa1 Nc6 18. Rd1 Qf7 19. Ng4 Rd8 20. Rxd8+ Rxd8 21. Bg5 Qg7 22. Qxg7+ Kxg7 23. Bxd8 Nxd8 24. Kf2 Nc6 25. Ke3 h5 26. Nf2 Nb4 27. a4 Nc6 28. Nd3 Na5 29. Nc1 Nc6 30. Kd3 Kf6 31. Kc3 Kf5 32. Nd3 h4 33. b4 e5 34. b5 Nd8 35. c5 e4 36. fxe4+ Kxe4 37. Nb4 Ke3 38. c6 bxc6 39. Nxc6 Nb7 40. Nxa7 Kf2 41. Nc6 Kxg2 42. a5 Nd6 43. b6 Kxh2 44. a6 h3 45. a7 Kg1 46. a8Q h2 47. Qa1+ Kg2 48. Qb2+ Kg3 49. Qb1 1-0

[Event "FRA-chT2 0910"]
[Site "France"]
[Date "2009.10.17"]
[Round "2.4"]
[White "Sanchez, Nicolas"]
[Black "Blanc, Sebastien"]
[Result "1-0"]
[WhiteElo "2159"]
[BlackElo "2131"]
[PlyCount "69"]
[EventDate "2009.09.27"]
[EventType "team-tourn"]
[EventRounds "11"]
[EventCountry "FRA"]
[SourceTitle "EXT 2011"]
[Source "ChessBase"]
[SourceDate "2010.11.26"]
[SourceVersion "1"]
[SourceVersionDate "2010.11.26"]
[SourceQuality "1"]

1. d4 d5 2. Nf3 Nf6 3. c4 c6 4. Nc3 a6 5. a4 e6 6. Bg5 Nbd7 7. e3 Qa5 8. Nd2 Bb4 9. Qc1 Ne4 10. Ndxe4 dxe4 11. Bf4 e5 12. Bg3 f5 13. Be2 f4 14. Bh4 exd4 15. exd4 g5 16. Bh5+ Kf8 17. 0-0 Bxc3 18. bxc3 Nf6 19. c5 h6 20. Be2 Bf5 21. f3 e3 22. Be1 Qc7 23. c4 Rg8 24. Qb2 Kg7 25. Bc3 Rgf8 26. Ra3 Rad8 27. Rb3 Bc8 28. Bd3 h5 29. Bf5 Rf7 30. Bb1 Rg8 31. Rb6 Qe7 32. d5 Qxc5 33. Bd4 Qd6 34. dxc6 bxc6 35. c5 1-0

[Event "FRA-chT2 0910"]
[Site "France"]
[Date "2009.10.04"]
[Round "1.5"]
[White "Sanchez, Nicolas"]
[Black "Entem, Alan"]
[Result "1-0"]
[WhiteElo "2159"]
[BlackElo "2115"]
[PlyCount "59"]
[EventDate "2009.09.27"]
[EventType "team-tourn"]
[EventRounds "11"]
[EventCountry "FRA"]
[SourceTitle "EXT 2011"]
[Source "ChessBase"]
[SourceDate "2010.11.26"]
[SourceVersion "1"]
[SourceVersionDate "2010.11.26"]
[SourceQuality "1"]

1. d4 Nf6 2. c4 g6 3. Nc3 Bg7 4. e4 0-0 5. Nf3 d6 6. Be2 e5 7. 0-0 Nc6 8. d5 Ne7 9. Ne1 Nd7 10. Nd3 f5 11. Bd2 Nf6 12. f3 f4 13. c5 g5 14. cxd6 cxd6 15. Rc1 Ng6 16. Nb5 Qb6+ 17. Nf2 g4 18. Nc7 g3 19. Nxa8 gxh2+ 20. Kxh2 Qd8 21. Rh1 Nh5 22. Kg1 Ng3 23. Rh2 Bf6 24. Bf1 Bh4 25. Nc7 Kh8 26. Be1 Nxf1 27. Kxf1 Bg3 28. Rh5 Rg8 29. Ne6 Qe8 30. Ng4 1-0

[Event "Saint Affrique op 17th"]
[Site "Saint Affrique"]
[Date "2009.07.21"]
[Round "5"]
[White "Bourges, Jerome"]
[Black "Sanchez, Nicolas"]
[Result "1-0"]
[WhiteElo "2078"]
[BlackElo "2205"]
[PlyCount "45"]
[EventDate "2009.07.18"]
[EventType "swiss"]
[EventRounds "9"]
[EventCountry "FRA"]
[SourceTitle "EXT 2010"]
[Source "ChessBase"]
[SourceDate "2010.11.25"]
[SourceVersion "1"]
[SourceVersionDate "2010.11.25"]
[SourceQuality "1"]

1. d4 Nf6 2. c4 g6 3. Nc3 Bg7 4. e4 d6 5. Nf3 0-0 6. Be2 e5 7. 0-0 Na6 8. Be3 Ng4 9. Bg5 Qe8 10. Re1 h6 11. Bh4 Nf6 12. Bf1 g5 13. Bg3 Nh5 14. dxe5 dxe5 15. Bxe5 Bg4 16. Bxg7 Nxg7 17. Nd5 Qd8 18. e5 Ne8 19. Re4 Bxf3 20. Qxf3 c6 21. Nf6+ Nxf6 22. exf6 Re8 23. Rh4 1-0

[Event "Saint Affrique op 17th"]
[Site "Saint Affrique"]
[Date "2009.07.20"]
[Round "4"]
[White "Sanchez, Nicolas"]
[Black "Flear, Glenn C"]
[Result "0-1"]
[WhiteElo "2205"]
[BlackElo "2490"]
[PlyCount "122"]
[EventDate "2009.07.18"]
[EventType "swiss"]
[EventRounds "9"]
[EventCountry "FRA"]
[SourceTitle "EXT 2010"]
[Source "ChessBase"]
[SourceDate "2010.11.25"]
[SourceVersion "1"]
[SourceVersionDate "2010.11.25"]
[SourceQuality "1"]

1. d4 d5 2. c4 c6 3. Nc3 Nf6 4. Nf3 e6 5. Bg5 Nbd7 6. cxd5 exd5 7. e3 Be7 8. Bd3 0-0 9. h3 Re8 10. Qc2 Nf8 11. 0-0 Be6 12. Rab1 N6d7 13. Bf4 a5 14. Rfe1 Nb6 15. Na4 Nxa4 16. Qxa4 f6 17. a3 Bf7 18. Nd2 Qd7 19. Rbd1 Bg6 20. e4 Ne6 21. Be3 Kh8 22. Qb3 a4 23. Qa2 Nc7 24. Qb1 dxe4 25. Nxe4 b6 26. Bf4 Nd5 27. Bg3 Bf8 28. Qc2 Re6 29. Nc3 Bxd3 30. Qxd3 Nxc3 31. Qxc3 Rae8 32. Rxe6 Qxe6 33. Rc1 c5 34. dxc5 Bxc5 35. Qc4 Qd7 36. b4 axb3 37. Qxb3 Qd2 38. Rd1 Re1+ 39. Rxe1 Qxe1+ 40. Kh2 Bxf2 41. Bxf2 Qxf2 42. Qb4 h6 43. a4 Qe3 44. Kh1 h5 45. Qc4 Kh7 46. Qc2+ Kh6 47. Qc6 Qe1+ 48. Kh2 Qe5+ 49. Kg1 Qa1+ 50. Kf2 Qd4+ 51. Kf3 h4 52. Qe4 Qxe4+ 53. Kxe4 g5 54. Kd5 f5 55. Kc6 g4 56. Kxb6 f4 57. a5 f3 58. gxf3 g3 59. a6 g2 60. a7 g1Q+ 61. Kb7 Qb1+ 0-1

[Event "Naujac op"]
[Site "Naujac"]
[Date "2009.07.??"]
[Round "8"]
[White "Kunze, Carlo"]
[Black "Sanchez, Nicolas"]
[Result "1-0"]
[WhiteElo "2285"]
[BlackElo "2224"]
[PlyCount "131"]
[EventDate "2009.07.??"]
[EventType "swiss"]
[EventRounds "9"]
[EventCountry "FRA"]
[SourceTitle "CBM 131 Extra"]
[Source "ChessBase"]
[SourceDate "2009.09.03"]
[SourceVersion "2"]
[SourceVersionDate "2009.09.16"]
[SourceQuality "1"]

1. d4 Nf6 2. c4 g6 3. Nc3 Bg7 4. e4 d6 5. Be2 0-0 6. Nf3 e5 7. d5 a5 8. Bg5 h6 9. Bh4 Na6 10. Nd2 Qe8 11. 0-0 Nh7 12. f3 h5 13. a3 Bd7 14. b3 Bh6 15. Bf2 Qe7 16. Re1 h4 17. Ra2 Kg7 18. Rb2 Bf4 19. b4 Qg5 20. Bf1 axb4 21. axb4 Nf6 22. c5 Nh5 23. Nc4 Ng3 24. Ne2 Nxf1 25. Rxf1 Bb5 26. Nxf4 Bxc4 27. Ne2 h3 28. g3 f5 29. Nd4 exd4 30. Qxd4+ Kh7 31. Qxc4 fxe4 32. Qxe4 Rae8 33. Qd3 Nb8 34. cxd6 cxd6 35. Rc2 Rf7 36. Rc4 Nd7 37. Rh4+ Kg8 38. Qc3 Nf6 39. Bd4 Nh5 40. Rg4 Qf5 41. Qd2 Kh7 42. Bc3 Rfe7 43. Rg5 Qf7 44. Qd3 Ng7 45. Qd4 Nh5 46. Qh4 Re3 47. g4 Rg8 48. gxh5 gxh5 49. Bd2 Re2 50. Kh1 Rxg5 51. Qxg5 Qg6 52. Qxg6+ Kxg6 53. Bf4 Kf5 54. Bxd6 Rd2 55. Bc5 Rxd5 56. Rg1 h4 57. Rg4 Rd1+ 58. Bg1 Rd3 59. Rxh4 Rxf3 60. Rh7 Rb3 61. Rxb7 Kg6 62. b5 Rb1 63. b6 Kh6 64. Rc7 Kg5 65. Rg7+ Kh5 66. Rg3 1-0